[Event "DEM U14 2025"]
[Site "Willingen GER"]
[Date "2025.06.12"]
[Round "7"]
[White "Leonhardt, Max"]
[Black "Lee, Ho In"]
[Result "0-1"]
[Termination "normal"]
[Board "20"]
[WhiteElo "1785"]
[BlackElo "1868"]
[WhiteClock "00:37:54"]
[BlackClock "00:39:09"]
[PlyCount "52"]
[WhiteFideId "34623647"]
[BlackFideId "34623655"]
[EventCountry "GER"]
[EventRounds "9"]
[EventType "swiss"]
[EventDate "2025.06.07"]

1. Nf3 {[%clk 01:30:58]} {[%emt 00:00:01]} d5 {[%clk 01:30:54]} {[%emt
00:00:06]} 2. c4 {[%clk 01:30:30]} {[%emt 00:00:59]} c6 {[%clk 01:30:58]}
{[%emt 00:00:26]} 3. g3 {[%clk 01:30:30]} {[%emt 00:00:29]} Bf5 {[%clk
01:31:09]} {[%emt 00:00:20]} 4. cxd5 {[%clk 01:30:17]} {[%emt 00:00:44]} cxd5
{[%clk 01:30:16]} {[%emt 00:01:23]} 5. Bg2 {[%clk 01:30:31]} {[%emt 00:00:15]}
Nf6 {[%clk 01:28:59]} {[%emt 00:01:47]} 6. Qb3 {[%clk 01:30:30]} {[%emt
00:00:31]} Qc8 {[%clk 01:26:02]} {[%emt 00:03:27]} 7. Nc3 {[%clk 01:30:29]}
{[%emt 00:00:31]} e6 {[%clk 01:26:07]} {[%emt 00:00:25]} 8. d3 {[%clk
01:30:09]} {[%emt 00:00:49]} Nbd7 {[%clk 01:22:36]} {[%emt 00:04:00]} 9. Bf4
{[%clk 01:29:22]} {[%emt 00:01:18]} a6 {[%clk 01:21:51]} {[%emt 00:01:15]} 10.
Rc1 {[%clk 01:26:57]} {[%emt 00:02:55]} Nc5 {[%clk 01:21:03]} {[%emt 00:01:18]}
11. Qd1 {[%clk 01:26:10]} {[%emt 00:01:17]} Qd8 {[%clk 01:20:28]} {[%emt
00:01:05]} 12. b4 {[%clk 01:22:15]} {[%emt 00:04:26]} Ncd7 {[%clk 01:19:06]}
{[%emt 00:01:51]} 13. Qb3 {[%clk 01:20:34]} {[%emt 00:02:10]} Be7 {[%clk
01:15:45]} {[%emt 00:03:51]} 14. Nh4 {[%clk 01:19:05]} {[%emt 00:02:00]} Bg6
{[%clk 01:14:51]} {[%emt 00:01:25]} 15. Nxg6 {[%clk 01:18:54]} {[%emt
00:00:41]} hxg6 {[%clk 01:15:06]} {[%emt 00:00:15]} 16. d4 {[%clk 01:18:48]}
{[%emt 00:00:36]} Nb6 {[%clk 01:12:48]} {[%emt 00:02:47]} 17. O-O {[%clk
01:18:24]} {[%emt 00:00:56]} O-O {[%clk 01:12:20]} {[%emt 00:00:57]} 18. Rfd1
{[%clk 01:17:00]} {[%emt 00:01:54]} Rc8 {[%clk 01:09:33]} {[%emt 00:03:18]} 19.
Rc2 {[%clk 01:15:40]} {[%emt 00:01:51]} Rc4 {[%clk 01:00:23]} {[%emt 00:09:40]}
20. a3 {[%clk 01:14:12]} {[%emt 00:01:58]} Qd7 {[%clk 00:59:32]} {[%emt
00:01:20]} 21. f3 {[%clk 01:05:30]} {[%emt 00:09:12]} Rfc8 {[%clk 00:53:35]}
{[%emt 00:06:27]} 22. Be3 {[%clk 01:05:13]} {[%emt 00:00:47]} Ne8 {[%clk
00:46:07]} {[%emt 00:07:58]} 23. Rdc1 {[%clk 00:59:59]} {[%emt 00:05:44]} Qc6
{[%clk 00:45:34]} {[%emt 00:01:03]} 24. f4 {[%clk 00:53:06]} {[%emt 00:07:22]}
Bf6 {[%clk 00:40:50]} {[%emt 00:05:14]} 25. Nxd5 {[%clk 00:38:14]} {[%emt
00:15:23]} exd5 {[%clk 00:39:31]} {[%emt 00:01:49]} 26. Bxd5 {[%clk 00:37:54]}
{[%emt 00:00:49]} Qxd5 {[%clk 00:39:09]} {[%emt 00:00:51]} 0-1

[Event "DEM U14 2025"]
[Site "Willingen GER"]
[Date "2025.06.12"]
[Round "7"]
[White "Meitzner, Johan Eduard"]
[Black "Lanert, Theodor"]
[Result "1/2-1/2"]
[Termination "normal"]
[Board "21"]
[WhiteElo "1714"]
[BlackElo "1793"]
[WhiteClock "00:12:26"]
[BlackClock "00:05:41"]
[PlyCount "61"]
[WhiteFideId "34623612"]
[BlackFideId "34605576"]
[EventCountry "GER"]
[EventRounds "9"]
[EventType "swiss"]
[EventDate "2025.06.07"]

1. d4 {[%clk 01:30:56]} {[%emt 00:00:03]} d5 {[%clk 01:30:07]} {[%emt
00:00:54]} 2. Nf3 {[%clk 01:31:05]} {[%emt 00:00:21]} Nf6 {[%clk 01:30:24]}
{[%emt 00:00:12]} 3. c3 {[%clk 01:31:30]} {[%emt 00:00:06]} e6 {[%clk
01:30:41]} {[%emt 00:00:13]} 4. Bf4 {[%clk 01:31:44]} {[%emt 00:00:15]} Bd6
{[%clk 01:30:57]} {[%emt 00:00:15]} 5. e3 {[%clk 01:31:36]} {[%emt 00:00:38]}
c5 {[%clk 01:30:22]} {[%emt 00:01:05]} 6. Ne5 {[%clk 01:28:54]} {[%emt
00:03:12]} O-O {[%clk 01:24:37]} {[%emt 00:06:14]} 7. Nd2 {[%clk 01:27:07]}
{[%emt 00:02:17]} Qc7 {[%clk 01:21:00]} {[%emt 00:04:07]} 8. Bg3 {[%clk
01:22:23]} {[%emt 00:05:13]} Nfd7 {[%clk 01:18:30]} {[%emt 00:03:00]} 9. Nxd7
{[%clk 01:18:28]} {[%emt 00:04:26]} Nxd7 {[%clk 01:18:17]} {[%emt 00:00:42]}
10. Bxd6 {[%clk 01:18:19]} {[%emt 00:00:40]} Qxd6 {[%clk 01:18:42]} {[%emt
00:00:05]} 11. Bd3 {[%clk 01:17:08]} {[%emt 00:01:39]} e5 {[%clk 01:11:52]}
{[%emt 00:07:22]} 12. dxe5 {[%clk 01:15:19]} {[%emt 00:02:19]} Nxe5 {[%clk
01:10:40]} {[%emt 00:01:42]} 13. Nc4 {[%clk 01:11:34]} {[%emt 00:04:15]} Nxd3+
{[%clk 01:01:54]} {[%emt 00:09:16]} 14. Qxd3 {[%clk 01:11:26]} {[%emt
00:00:38]} Qe6 {[%clk 01:01:20]} {[%emt 00:01:04]} 15. Nd2 {[%clk 01:11:19]}
{[%emt 00:00:36]} b6 {[%clk 01:00:00]} {[%emt 00:01:51]} 16. O-O {[%clk
01:09:51]} {[%emt 00:01:58]} Bb7 {[%clk 00:58:58]} {[%emt 00:01:32]} 17. Rfe1
{[%clk 01:08:28]} {[%emt 00:01:53]} Rad8 {[%clk 00:58:44]} {[%emt 00:00:45]}
18. Nf3 {[%clk 01:04:13]} {[%emt 00:04:43]} f6 {[%clk 00:51:21]} {[%emt
00:07:55]} 19. a3 {[%clk 01:01:01]} {[%emt 00:03:42]} Qe4 {[%clk 00:45:38]}
{[%emt 00:06:12]} 20. Rad1 {[%clk 00:56:07]} {[%emt 00:05:25]} Kf7 {[%clk
00:43:53]} {[%emt 00:02:15]} 21. Qb5 {[%clk 00:46:33]} {[%emt 00:10:02]} Qe8
{[%clk 00:32:01]} {[%emt 00:12:24]} 22. Qd3 {[%clk 00:44:42]} {[%emt 00:02:18]}
g6 {[%clk 00:30:10]} {[%emt 00:02:25]} 23. h3 {[%clk 00:34:40]} {[%emt
00:10:32]} Qe4 {[%clk 00:24:16]} {[%emt 00:06:24]} 24. Qb5 {[%clk 00:30:38]}
{[%emt 00:04:32]} Qc4 {[%clk 00:21:25]} {[%emt 00:03:21]} 25. Qxc4 {[%clk
00:30:11]} {[%emt 00:00:57]} dxc4 {[%clk 00:21:42]} {[%emt 00:00:13]} 26. Kf1
{[%clk 00:26:08]} {[%emt 00:04:33]} Bxf3 {[%clk 00:08:05]} {[%emt 00:14:07]}
27. gxf3 {[%clk 00:26:30]} {[%emt 00:00:08]} Rd3 {[%clk 00:08:21]} {[%emt
00:00:14]} 28. Ke2 {[%clk 00:14:57]} {[%emt 00:12:03]} Rfd8 {[%clk 00:08:46]}
{[%emt 00:00:06]} 29. f4 {[%clk 00:15:07]} {[%emt 00:00:20]} f5 {[%clk
00:05:53]} {[%emt 00:03:23]} 30. f3 {[%clk 00:13:39]} {[%emt 00:01:58]} Ke7
{[%clk 00:05:41]} {[%emt 00:00:42]} 31. Rh1 {[%clk 00:12:26]} {[%emt 00:01:41]}
1/2-1/2

[Event "DEM U14 2025"]
[Site "Willingen GER"]
[Date "2025.06.13"]
[Round "8"]
[White "Mohylnyi, Stepan"]
[Black "Albrecht, Neil"]
[Result "1-0"]
[Termination "normal"]
[Board "1"]
[WhiteTitle "FM"]
[WhiteElo "2314"]
[BlackElo "2131"]
[WhiteClock "00:15:34"]
[BlackClock "00:10:46"]
[PlyCount "81"]
[WhiteFideId "34127836"]
[BlackFideId "34621091"]
[EventCountry "GER"]
[EventRounds "9"]
[EventType "swiss"]
[EventDate "2025.06.07"]

1. e4 {[%clk 01:30:57]} {[%emt 00:00:02]} c5 {[%clk 01:30:45]} {[%emt
00:00:16]} 2. Nf3 {[%clk 01:31:23]} {[%emt 00:00:04]} d6 {[%clk 01:31:09]}
{[%emt 00:00:07]} 3. d4 {[%clk 01:31:31]} {[%emt 00:00:21]} cxd4 {[%clk
01:31:34]} {[%emt 00:00:05]} 4. Nxd4 {[%clk 01:31:58]} {[%emt 00:00:04]} Nf6
{[%clk 01:31:50]} {[%emt 00:00:13]} 5. Nc3 {[%clk 01:32:23]} {[%emt 00:00:05]}
a6 {[%clk 01:32:14]} {[%emt 00:00:06]} 6. Bg5 {[%clk 01:32:42]} {[%emt
00:00:11]} e6 {[%clk 01:32:12]} {[%emt 00:00:32]} 7. Qe2 {[%clk 01:32:33]}
{[%emt 00:00:40]} Be7 {[%clk 01:26:08]} {[%emt 00:06:33]} 8. f4 {[%clk
01:30:04]} {[%emt 00:02:59]} h6 {[%clk 01:18:02]} {[%emt 00:08:36]} 9. Bh4
{[%clk 01:27:51]} {[%emt 00:02:43]} Nxe4 {[%clk 01:10:56]} {[%emt 00:07:36]}
10. Bxe7 {[%clk 01:24:32]} {[%emt 00:03:49]} Nxc3 {[%clk 01:11:07]} {[%emt
00:00:19]} 11. Qc4 {[%clk 01:22:20]} {[%emt 00:02:42]} Kxe7 {[%clk 01:10:37]}
{[%emt 00:00:59]} 12. Qxc3 {[%clk 01:22:43]} {[%emt 00:00:09]} Re8 {[%clk
01:06:43]} {[%emt 00:04:24]} 13. O-O-O {[%clk 01:21:10]} {[%emt 00:02:02]} Kf8
{[%clk 01:05:15]} {[%emt 00:01:57]} 14. g4 {[%clk 01:21:26]} {[%emt 00:00:15]}
Qf6 {[%clk 01:02:31]} {[%emt 00:03:14]} 15. Bg2 {[%clk 01:15:47]} {[%emt
00:06:09]} d5 {[%clk 00:58:39]} {[%emt 00:04:22]} 16. Kb1 {[%clk 01:12:16]}
{[%emt 00:04:01]} Nc6 {[%clk 00:54:28]} {[%emt 00:04:41]} 17. g5 {[%clk
00:54:56]} {[%emt 00:17:50]} hxg5 {[%clk 00:52:37]} {[%emt 00:02:21]} 18. fxg5
{[%clk 00:54:35]} {[%emt 00:00:51]} Qxg5 {[%clk 00:51:28]} {[%emt 00:01:39]}
19. Rhg1 {[%clk 00:47:55]} {[%emt 00:07:11]} Nxd4 {[%clk 00:49:14]} {[%emt
00:02:44]} 20. Qxd4 {[%clk 00:47:18]} {[%emt 00:01:07]} Qf6 {[%clk 00:47:45]}
{[%emt 00:01:58]} 21. Qd3 {[%clk 00:47:29]} {[%emt 00:00:20]} g6 {[%clk
00:40:36]} {[%emt 00:07:38]} 22. Rdf1 {[%clk 00:46:29]} {[%emt 00:01:29]} Qg7
{[%clk 00:39:30]} {[%emt 00:01:37]} 23. h4 {[%clk 00:36:19]} {[%emt 00:10:40]}
e5 {[%clk 00:33:32]} {[%emt 00:06:28]} 24. Bxd5 {[%clk 00:35:50]} {[%emt
00:01:00]} f5 {[%clk 00:31:31]} {[%emt 00:02:30]} 25. h5 {[%clk 00:33:47]}
{[%emt 00:02:32]} g5 {[%clk 00:30:42]} {[%emt 00:01:19]} 26. h6 {[%clk
00:31:41]} {[%emt 00:02:36]} Qf6 {[%clk 00:29:08]} {[%emt 00:02:04]} 27. Qa3+
{[%clk 00:28:28]} {[%emt 00:03:44]} Re7 {[%clk 00:28:40]} {[%emt 00:00:58]} 28.
h7 {[%clk 00:28:48]} {[%emt 00:00:10]} Kg7 {[%clk 00:27:50]} {[%emt 00:01:20]}
29. Rh1 {[%clk 00:28:48]} {[%emt 00:00:31]} Bd7 {[%clk 00:25:18]} {[%emt
00:03:02]} 30. Bg8 {[%emt 00:12:20]} Rxg8 {[%clk 00:24:00]} {[%emt 00:01:46]}
31. hxg8=Q+ {[%clk 00:17:18]} {[%emt 00:00:11]} Kxg8 {[%clk 00:24:17]} {[%emt
00:00:13]} 32. Rh6 {[%clk 00:17:41]} {[%emt 00:00:06]} Qxh6 {[%clk 00:20:43]}
{[%emt 00:04:04]} 33. Qxe7 {[%clk 00:17:03]} {[%emt 00:01:08]} Qg7 {[%clk
00:20:30]} {[%emt 00:00:44]} 34. Qd8+ {[%clk 00:15:35]} {[%emt 00:01:58]} Kh7
{[%clk 00:20:38]} {[%emt 00:00:22]} 35. Rd1 {[%clk 00:15:04]} {[%emt 00:01:01]}
Bc6 {[%emt 00:02:05]} 36. Rd6 {[%clk 00:15:10]} Bb5 {[%clk 00:14:15]} {[%emt
00:05:41]} 37. b3 {[%clk 00:14:21]} {[%emt 00:01:20]} f4 {[%clk 00:10:08]}
{[%emt 00:04:37]} 38. Re6 {[%clk 00:14:19]} {[%emt 00:00:32]} f3 {[%clk
00:09:59]} {[%emt 00:00:39]} 39. Re7 {[%clk 00:14:45]} {[%emt 00:00:04]} f2
{[%clk 00:10:22]} {[%emt 00:00:07]} 40. Rxg7+ {[%clk 00:15:07]} {[%emt
00:00:08]} Kxg7 {[%clk 00:10:46]} {[%emt 00:00:06]} 41. Qxg5+ {[%clk 00:15:34]}
{[%emt 00:00:03]} 1-0

[Event "DEM U14 2025"]
[Site "Willingen GER"]
[Date "2025.06.13"]
[Round "8"]
[White "Nemitz, Alfred"]
[Black "Stephanblome, Felix"]
[Result "1/2-1/2"]
[Termination "normal"]
[Board "2"]
[WhiteTitle "FM"]
[WhiteElo "2315"]
[BlackElo "2022"]
[WhiteClock "00:05:33"]
[BlackClock "00:11:16"]
[PlyCount "75"]
[WhiteFideId "34601791"]
[BlackFideId "34661026"]
[EventCountry "GER"]
[EventRounds "9"]
[EventType "swiss"]
[EventDate "2025.06.07"]

1. d4 {[%clk 01:30:58]} {[%emt 00:00:02]} d5 {[%clk 01:30:55]} {[%emt
00:00:05]} 2. c4 {[%clk 01:31:25]} {[%emt 00:00:03]} e6 {[%clk 01:31:16]}
{[%emt 00:00:09]} 3. Nf3 {[%clk 01:31:51]} {[%emt 00:00:03]} Nf6 {[%clk
01:31:36]} {[%emt 00:00:10]} 4. g3 {[%clk 01:32:18]} {[%emt 00:00:03]} Be7
{[%clk 01:31:51]} {[%emt 00:00:15]} 5. Bg2 {[%clk 01:32:41]} {[%emt 00:00:08]}
O-O {[%clk 01:31:58]} {[%emt 00:00:23]} 6. O-O {[%clk 01:33:07]} {[%emt
00:00:04]} c6 {[%clk 01:32:17]} {[%emt 00:00:12]} 7. Qc2 {[%clk 01:33:31]}
{[%emt 00:00:05]} b6 {[%clk 01:32:25]} {[%emt 00:00:22]} 8. b3 {[%clk
01:33:57]} {[%emt 00:00:04]} Nbd7 {[%clk 01:30:39]} {[%emt 00:02:16]} 9. Rd1
{[%clk 01:34:11]} {[%emt 00:00:16]} Bb7 {[%clk 01:28:13]} {[%emt 00:02:56]} 10.
Nc3 {[%clk 01:32:27]} {[%emt 00:02:14]} Qc8 {[%clk 01:19:46]} {[%emt 00:08:57]}
11. Bb2 {[%clk 01:30:38]} {[%emt 00:02:19]} Rd8 {[%clk 01:16:10]} {[%emt
00:04:05]} 12. Rac1 {[%clk 01:29:41]} {[%emt 00:01:28]} Ba6 {[%clk 01:12:24]}
{[%emt 00:04:17]} 13. Nd2 {[%clk 01:24:18]} {[%emt 00:05:52]} b5 {[%clk
01:10:00]} {[%emt 00:02:54]} 14. e3 {[%clk 01:17:26]} {[%emt 00:07:21]} bxc4
{[%clk 01:06:01]} {[%emt 00:04:30]} 15. bxc4 {[%clk 01:17:48]} {[%emt
00:00:08]} Nb6 {[%clk 01:05:03]} {[%emt 00:01:27]} 16. Bf1 {[%clk 01:15:27]}
{[%emt 00:02:51]} Qb7 {[%clk 00:52:07]} {[%emt 00:13:27]} 17. Ba1 {[%clk
01:07:12]} {[%emt 00:08:45]} Rac8 {[%clk 00:47:42]} {[%emt 00:04:54]} 18. Na4
{[%clk 01:04:37]} {[%emt 00:03:04]} Nfd7 {[%clk 00:37:21]} {[%emt 00:10:53]}
19. Rb1 {[%clk 00:52:00]} {[%emt 00:13:07]} c5 {[%clk 00:34:23]} {[%emt
00:03:28]} 20. dxc5 {[%clk 00:52:01]} {[%emt 00:00:29]} Nxc5 {[%clk 00:34:13]}
{[%emt 00:00:40]} 21. Nxb6 {[%clk 00:43:50]} {[%emt 00:08:41]} axb6 {[%clk
00:34:31]} {[%emt 00:00:12]} 22. cxd5 {[%clk 00:43:26]} {[%emt 00:00:55]} Qxd5
{[%clk 00:26:24]} {[%emt 00:08:36]} 23. Nc4 {[%clk 00:39:33]} {[%emt 00:04:23]}
Qf3 {[%clk 00:17:26]} {[%emt 00:09:28]} 24. Bg2 {[%clk 00:35:50]} {[%emt
00:04:13]} Qh5 {[%clk 00:16:30]} {[%emt 00:01:25]} 25. Nxb6 {[%clk 00:30:48]}
{[%emt 00:05:32]} Rb8 {[%clk 00:12:44]} {[%emt 00:04:16]} 26. Bd4 {[%clk
00:24:31]} {[%emt 00:06:47]} Bd3 {[%clk 00:11:47]} {[%emt 00:01:27]} 27. Rxd3
{[%clk 00:23:54]} {[%emt 00:01:08]} Nxd3 {[%clk 00:12:10]} {[%emt 00:00:07]}
28. Qxd3 {[%clk 00:23:35]} {[%emt 00:00:48]} e5 {[%clk 00:11:40]} {[%emt
00:00:59]} 29. Nd5 {[%clk 00:13:23]} {[%emt 00:10:43]} Rxb1+ {[%clk 00:11:04]}
30. Qxb1 {[%clk 00:13:51]} {[%emt 00:01:09]} Rxd5 {[%clk 00:11:23]} {[%emt
00:00:11]} 31. Bxd5 {[%clk 00:14:10]} {[%emt 00:00:11]} exd4 {[%clk 00:11:44]}
{[%emt 00:00:08]} 32. Qe4 {[%clk 00:14:27]} {[%emt 00:00:14]} dxe3 {[%clk
00:11:48]} {[%emt 00:00:26]} 33. fxe3 {[%clk 00:09:56]} {[%emt 00:05:01]} Qd1+
{[%clk 00:10:39]} {[%emt 00:01:38]} 34. Kf2 {[%clk 00:10:18]} {[%emt 00:00:08]}
Qd2+ {[%clk 00:10:43]} {[%emt 00:00:27]} 35. Kf3 {[%clk 00:10:24]} {[%emt
00:00:21]} Qd1+ {[%clk 00:10:34]} {[%emt 00:00:41]} 36. Kf2 {[%clk 00:08:48]}
{[%emt 00:02:07]} Qd2+ {[%clk 00:10:52]} {[%emt 00:00:12]} 37. Kf3 {[%clk
00:07:43]} {[%emt 00:01:34]} Qd1+ {[%clk 00:11:16]} {[%emt 00:00:06]} 38. Kf2
{[%clk 00:05:33]} {[%emt 00:02:39]} 1/2-1/2

[Event "DEM U14 2025"]
[Site "Willingen GER"]
[Date "2025.06.13"]
[Round "8"]
[White "Zhang, Yibo"]
[Black "Vranckx, Oscar"]
[Result "1-0"]
[Termination "normal"]
[Board "3"]
[WhiteElo "2014"]
[BlackElo "2018"]
[WhiteClock "00:18:31"]
[BlackClock "01:23:16"]
[PlyCount "121"]
[WhiteFideId "16287657"]
[BlackFideId "34608788"]
[EventCountry "GER"]
[EventRounds "9"]
[EventType "swiss"]
[EventDate "2025.06.07"]

1. d4 {[%clk 01:30:34]} {[%emt 00:00:15]} e6 {[%clk 01:30:35]} {[%emt
00:00:36]} 2. c4 {[%clk 01:30:46]} {[%emt 00:00:18]} Nf6 {[%clk 01:30:53]}
{[%emt 00:00:12]} 3. Nc3 {[%clk 01:30:36]} {[%emt 00:00:41]} Bb4 {[%clk
01:31:15]} {[%emt 00:00:07]} 4. Qc2 {[%clk 01:24:57]} {[%emt 00:06:09]} O-O
{[%clk 01:30:51]} {[%emt 00:00:54]} 5. Nf3 {[%clk 01:24:43]} {[%emt 00:00:44]}
c5 {[%clk 01:28:26]} {[%emt 00:02:55]} 6. e3 {[%clk 01:22:21]} {[%emt
00:02:52]} b6 {[%clk 01:26:41]} {[%emt 00:02:15]} 7. Be2 {[%clk 01:19:57]}
{[%emt 00:02:54]} Bb7 {[%clk 01:26:06]} {[%emt 00:01:05]} 8. Bd2 {[%clk
01:20:10]} {[%emt 00:00:18]} Bxc3 {[%clk 01:24:50]} {[%emt 00:01:45]} 9. Bxc3
{[%clk 01:20:11]} {[%emt 00:00:29]} Ne4 {[%clk 01:25:09]} {[%emt 00:00:11]} 10.
Rd1 {[%clk 00:54:28]} {[%emt 00:26:12]} f5 {[%clk 01:22:32]} {[%emt 00:03:07]}
11. d5 {[%clk 00:50:57]} {[%emt 00:04:02]} Qe7 {[%clk 01:22:29]} {[%emt
00:00:33]} 12. O-O {[%clk 00:50:20]} {[%emt 00:01:08]} exd5 {[%clk 01:14:13]}
{[%emt 00:08:45]} 13. cxd5 {[%clk 00:50:08]} {[%emt 00:00:41]} d6 {[%clk
01:14:33]} {[%emt 00:00:11]} 14. Bc4 {[%clk 00:42:04]} {[%emt 00:08:35]} Nd7
{[%clk 01:14:27]} {[%emt 00:00:35]} 15. Qe2 {[%clk 00:36:58]} {[%emt 00:05:36]}
a6 {[%clk 01:10:14]} {[%emt 00:04:44]} 16. a4 {[%clk 00:36:50]} {[%emt
00:00:38]} h6 {[%clk 01:10:20]} {[%emt 00:00:23]} 17. Ne1 {[%clk 00:28:49]}
{[%emt 00:08:31]} Qh4 {[%clk 01:05:59]} {[%emt 00:04:50]} 18. f3 {[%clk
00:25:23]} {[%emt 00:03:57]} Nxc3 {[%clk 01:06:07]} {[%emt 00:00:22]} 19. bxc3
{[%clk 00:25:51]} {[%emt 00:00:02]} Ne5 {[%clk 01:06:18]} {[%emt 00:00:18]} 20.
Bb3 {[%clk 00:24:40]} {[%emt 00:01:42]} b5 {[%clk 01:06:08]} {[%emt 00:00:41]}
21. Qf2 {[%clk 00:20:36]} {[%emt 00:04:33]} Qf6 {[%clk 01:05:24]} {[%emt
00:01:14]} 22. e4 {[%clk 00:12:46]} {[%emt 00:08:20]} f4 {[%clk 01:01:44]}
{[%emt 00:04:11]} 23. Ra1 {[%clk 00:11:23]} {[%emt 00:01:52]} Rfb8 {[%clk
01:01:48]} {[%emt 00:00:25]} 24. Qe2 {[%clk 00:11:08]} {[%emt 00:00:46]} Qd8
{[%clk 00:59:19]} {[%emt 00:02:58]} 25. g3 {[%clk 00:09:54]} {[%emt 00:01:44]}
Qg5 {[%clk 00:55:54]} {[%emt 00:03:56]} 26. Kh1 {[%clk 00:08:21]} {[%emt
00:02:04]} Ng6 {[%clk 00:53:00]} {[%emt 00:03:23]} 27. Rg1 {[%clk 00:07:37]}
{[%emt 00:01:13]} Qf6 {[%clk 00:52:59]} {[%emt 00:00:31]} 28. Qd2 {[%clk
00:07:02]} {[%emt 00:01:05]} Bc8 {[%clk 00:52:25]} {[%emt 00:01:04]} 29. Bc2
{[%clk 00:06:02]} {[%emt 00:01:31]} fxg3 {[%clk 00:51:03]} {[%emt 00:01:52]}
30. Rxg3 {[%clk 00:06:09]} {[%emt 00:00:23]} b4 {[%clk 00:51:20]} {[%emt
00:00:13]} 31. Nd3 {[%clk 00:04:09]} {[%emt 00:02:29]} c4 {[%clk 00:51:19]}
{[%emt 00:00:32]} 32. Nxb4 {[%clk 00:03:22]} {[%emt 00:01:16]} Rxb4 {[%clk
00:51:26]} {[%emt 00:00:24]} 33. Rag1 {[%clk 00:03:42]} {[%emt 00:00:10]} Rb7
{[%clk 00:50:59]} {[%emt 00:00:57]} 34. Rxg6 {[%clk 00:03:43]} {[%emt
00:00:27]} Qxf3+ {[%clk 00:51:23]} {[%emt 00:00:07]} 35. Qg2 {[%clk 00:03:30]}
{[%emt 00:00:43]} Qxg2+ {[%clk 00:50:18]} {[%emt 00:01:36]} 36. R1xg2 {[%clk
00:03:54]} {[%emt 00:00:06]} Rf7 {[%clk 00:50:09]} {[%emt 00:00:39]} 37. Rxd6
{[%clk 00:03:29]} {[%emt 00:00:55]} Bh3 {[%clk 00:50:04]} {[%emt 00:00:35]} 38.
Rg1 {[%clk 00:03:06]} {[%emt 00:00:53]} Raf8 {[%clk 00:50:13]} {[%emt
00:00:21]} 39. Rdg6 {[%clk 00:02:50]} {[%emt 00:00:46]} Bf1 {[%clk 00:50:09]}
{[%emt 00:00:34]} 40. e5 {[%clk 00:00:47]} {[%emt 00:02:34]} Be2 {[%clk
00:49:53]} {[%emt 00:00:45]} 41. Be4 {[%clk 00:29:20]} {[%emt 00:01:57]} Kh8
{[%clk 01:19:02]} {[%emt 00:01:20]} 42. d6 {[%clk 00:25:08]} {[%emt 00:04:43]}
Rf4 {[%clk 01:19:02]} {[%emt 00:00:30]} 43. Bd5 {[%clk 00:17:46]} {[%emt
00:07:51]} R4f5 {[%clk 01:18:59]} {[%emt 00:00:33]} 44. Rxg7 {[%clk 00:16:44]}
{[%emt 00:01:33]} Rxe5 {[%clk 01:18:44]} {[%emt 00:00:45]} 45. Rg8+ {[%clk
00:16:56]} {[%emt 00:00:18]} Rxg8 {[%clk 01:18:24]} {[%emt 00:00:50]} 46. Rxg8+
{[%clk 00:17:20]} {[%emt 00:00:04]} Kh7 {[%clk 01:18:50]} {[%emt 00:00:05]} 47.
d7 {[%clk 00:17:15]} {[%emt 00:00:35]} Rxd5 {[%clk 01:19:16]} {[%emt 00:00:05]}
48. d8=Q {[%clk 00:17:33]} {[%emt 00:00:12]} Rd1+ {[%clk 01:19:26]} {[%emt
00:00:19]} 49. Kg2 {[%clk 00:16:30]} {[%emt 00:01:34]} Rxd8 {[%clk 01:19:06]}
{[%emt 00:00:50]} 50. Rxd8 {[%clk 00:16:53]} {[%emt 00:00:06]} Bd3 {[%clk
01:19:33]} {[%emt 00:00:03]} 51. Rd7+ {[%clk 00:16:49]} {[%emt 00:00:34]} Kg6
{[%clk 01:19:54]} {[%emt 00:00:10]} 52. Rd6+ {[%clk 00:17:13]} {[%emt
00:00:06]} Kg5 {[%clk 01:20:20]} {[%emt 00:00:04]} 53. Rxa6 {[%clk 00:17:23]}
{[%emt 00:00:19]} h5 {[%clk 01:20:45]} {[%emt 00:00:05]} 54. a5 {[%clk
00:17:35]} {[%emt 00:00:18]} Kf4 {[%clk 01:21:09]} {[%emt 00:00:06]} 55. Kf2
{[%clk 00:17:20]} {[%emt 00:00:45]} Kg4 {[%clk 01:21:24]} {[%emt 00:00:16]} 56.
Rh6 {[%clk 00:17:38]} {[%emt 00:00:12]} h4 {[%clk 01:21:47]} {[%emt 00:00:07]}
57. a6 {[%clk 00:18:02]} {[%emt 00:00:06]} Kh3 {[%clk 01:22:11]} {[%emt
00:00:06]} 58. a7 {[%clk 00:18:08]} {[%emt 00:00:24]} Be4 {[%clk 01:22:39]}
{[%emt 00:00:03]} 59. Rh8 {[%clk 00:18:07]} {[%emt 00:00:30]} Bb7 {[%clk
01:22:56]} {[%emt 00:00:12]} 60. a8=Q {[%clk 00:18:16]} {[%emt 00:00:22]} Kxh2
{[%clk 01:23:16]} {[%emt 00:00:10]} 61. Rxh4 {[%clk 00:18:31]} {[%emt
00:00:15]} 1-0